The 'R' Word (Record no. 81442)

MARC details
000 -LEADER
fixed length control field 00824cab a22001815a 4500
001 - CONTROL NUMBER
control field L147226
008 - FIXED-LENGTH DATA ELEMENTS--GENERAL INFORMATION
fixed length control field 090417s2009 xxkao f 000 0 eng d
035 ## - SYSTEM CONTROL NUMBER
System control number (Sirsi) u147226
041 0# - LANGUAGE CODE
Language code of text/sound track or separate title eng
245 04 - TITLE STATEMENT
Title The 'R' Word
260 ## - PUBLICATION, DISTRIBUTION, ETC.
Date of publication, distribution, etc. 2009
490 #4 - SERIES STATEMENT
Series statement The Estate Agent
Volume/sequential designation April 2009, 18-21(4)
520 ## - SUMMARY, ETC.
Summary, etc. Explains how medium-sized and smaller business employers can implement redundancies in their organisation correctly, thereby avoiding legal action for unfair dismissal because of failure to follow the proper procedures. Highlights the fact that the rules are changing and that they are being relaxed not tightened. Concludes by outlining the alternatives to redundancies.
590 ## - LOCAL NOTE (RLIN)
Local note KA
651 #4 - SUBJECT ADDED ENTRY--GEOGRAPHIC NAME
Geographic name England and Wales
Chronological subdivision 1543-
690 ## - LOCAL SUBJECT ADDED ENTRY--TOPICAL TERM (OCLC, RLIN)
Topical term or geographic name as entry element MANAGEMENT-BUSINESS MANAGEMENT-HUMAN RESOURCE MANAGEMENT
942 ## - ADDED ENTRY ELEMENTS (KOHA)
Suppress in OPAC 0
Holdings
Withdrawn status Lost status Source of classification or shelving scheme Damaged status Not for loan Home library Current library Shelving location Date acquired Total Checkouts Full call number Barcode Date last seen Copy number Price effective from Koha item type
    Dewey Decimal Classification     London London Journal article 17/04/2009   L147226 147226-1001 06/08/2019 1 06/08/2019 Journal article